000 00348nam a2200157Ia 4500
003 0STCL
008 150530s9999 xx 000 0 und d
040 _aSTCL
_cSTCL
100 _aBourgeois, C
245 _aPriest in russia and the baltic
260 _c1955
546 _aEnglish
942 _2ddc
_cBK
999 _c5284
_d5284
005 20220125165410.0